<?xml version="1.0" encoding="UTF-8"?>
<record
    xmlns:xsi="http://www.w3.org/2001/XMLSchema-instance"
    xsi:schemaLocation="http://www.loc.gov/MARC21/slim http://www.loc.gov/standards/marcxml/schema/MARC21slim.xsd"
    xmlns="http://www.loc.gov/MARC21/slim">

  <leader>01755nam a22002417a 4500</leader>
  <controlfield tag="003">CUTN</controlfield>
  <controlfield tag="005">20250602112957.0</controlfield>
  <controlfield tag="008">250602b        |||||||| |||| 00| 0 eng d</controlfield>
  <datafield tag="020" ind1=" " ind2=" ">
    <subfield code="a">9789353500412</subfield>
  </datafield>
  <datafield tag="041" ind1=" " ind2=" ">
    <subfield code="a">English</subfield>
  </datafield>
  <datafield tag="082" ind1=" " ind2=" ">
    <subfield code="a">658.83</subfield>
    <subfield code="b">CHA</subfield>
  </datafield>
  <datafield tag="100" ind1=" " ind2=" ">
    <subfield code="a">Stangor Charles</subfield>
  </datafield>
  <datafield tag="245" ind1=" " ind2=" ">
    <subfield code="a">Research methods :</subfield>
    <subfield code="b">for the behavioral sciences /</subfield>
    <subfield code="c">Charles Stangor</subfield>
  </datafield>
  <datafield tag="250" ind1=" " ind2=" ">
    <subfield code="a">5th ed.</subfield>
  </datafield>
  <datafield tag="260" ind1=" " ind2=" ">
    <subfield code="a">India :</subfield>
    <subfield code="b">Cengage ,</subfield>
    <subfield code="c">2015.</subfield>
  </datafield>
  <datafield tag="300" ind1=" " ind2=" ">
    <subfield code="a">452p. :</subfield>
    <subfield code="b">ill ;</subfield>
  </datafield>
  <datafield tag="505" ind1=" " ind2=" ">
    <subfield code="a">Introduction to Research
Developing the Research Hypothesis
Ethics in Research
Measures
Reliability and Validity
Surveys and Sampling
Naturalistic Methods
Hypothesis Testing and Inferential Statistics
Correlational research designs 
Experimental research: One-way designs
Experimental research: Factorial designs
Experimental control and Internal validity
External Validity
Quasi-Experimental research designs</subfield>
  </datafield>
  <datafield tag="520" ind1=" " ind2=" ">
    <subfield code="a">This textbook is designed for students and professionals in the behavioral sciences (such as psychology, sociology, etc.) who need to understand and apply research methods. It provides comprehensive coverage of various research methodologies, including:

Experimental methods: Designs where variables are manipulated to determine cause-and-effect relationships.
Non-experimental methods: Approaches like descriptive research, correlational studies, surveys, and naturalistic observation, which aim to describe and explore relationships without direct manipulation of variables.
Quasi-experimental research designs: Studies that resemble experimental designs but lack random assignment.</subfield>
  </datafield>
  <datafield tag="650" ind1=" " ind2=" ">
    <subfield code="a">Marketing research</subfield>
  </datafield>
  <datafield tag="650" ind1=" " ind2=" ">
    <subfield code="a">Marketing&#x2014;Research&#x2014;Methodology</subfield>
  </datafield>
  <datafield tag="650" ind1=" " ind2=" ">
    <subfield code="a">Statistical methods in marketing</subfield>
  </datafield>
  <datafield tag="942" ind1=" " ind2=" ">
    <subfield code="2">ddc</subfield>
    <subfield code="c">BOOKS</subfield>
  </datafield>
  <datafield tag="999" ind1=" " ind2=" ">
    <subfield code="c">44543</subfield>
    <subfield code="d">44543</subfield>
  </datafield>
  <datafield tag="952" ind1=" " ind2=" ">
    <subfield code="0">0</subfield>
    <subfield code="1">0</subfield>
    <subfield code="2">ddc</subfield>
    <subfield code="4">0</subfield>
    <subfield code="7">0</subfield>
    <subfield code="8">NFIC</subfield>
    <subfield code="a">CUTN</subfield>
    <subfield code="b">CUTN</subfield>
    <subfield code="c">600</subfield>
    <subfield code="d">2025-06-02</subfield>
    <subfield code="l">1</subfield>
    <subfield code="o">658.83 CHA</subfield>
    <subfield code="p">52086</subfield>
    <subfield code="r">2026-05-13 13:20:47</subfield>
    <subfield code="s">2026-04-15</subfield>
    <subfield code="w">2025-06-02</subfield>
    <subfield code="y">BOOKS</subfield>
  </datafield>
</record>
